=LDR 00000nam 2200000 4500 =001 NUTBA000000000000650 =005 20251121103902 =035 ##$$a 0010-031400000000649 =008 251121################g##########0#ind## =020 ##$$a 979-421-209-1 =082 ##$$a 300.72 =100 ##$$a Sanapiah Faisal =245 1#$$a Format-format penelitian sosial /$c Sanapiah Faisal =250 ##$$a cet.10 =260 ##$$a Jakarta :$b PT. Raja Grafindo Persada,$c 2010 =300 ##$$a xi, 293 hlm : $b ilus ; $c 20 X 13 cm =850 ##$$a NBPN MAT =084 ##$$a 300.72 SAN f =650 #4$$a Metode Penelitian =504 ##$$a Bibliografi : hlm.265-266 =990 ##$$a 21303438 =990 ##$$a 21303436 =990 ##$$a 21303435 =990 ##$$a 1200603524 =990 ##$$a 21303435 =990 ##$$a 21303438 =990 ##$$a 21303436 =990 ##$$a 1200603524